|
|
|
|
| LEADER |
01466nam a2200301 4500 |
| 001 |
40357 |
| 003 |
BD-DhAAL |
| 005 |
20230330130630.0 |
| 008 |
230227r20122004ii ||||| |||| 00| 0 ben d |
| 020 |
|
|
|a 978-93-80034-30-0
|
| 040 |
|
|
|a BD-DhAAL
|
| 041 |
|
|
|a ben
|
| 082 |
|
|
|a 891.44
|2 22
|
| 245 |
|
|
|a উদ্ধৃতি-অভিধান /
|c সম্পাদনা দীলিপ কুমার মিত্র
|
| 250 |
|
|
|a দ্বিতীয় সংস্করণ ২০০৯
|
| 260 |
|
|
|a কলকাতা :
|b পারুল প্রকাশনী,
|c ২০০৪ [পুণমুর্দ্রণ ২০১২]
|
| 300 |
|
|
|a ৭১২পৃষ্ঠা :
|c ২৪ সে. মি.
|
| 500 |
|
|
|a নির্ঘণ্ট অন্তর্ভুক্ত।
|
| 520 |
|
|
|a Collection of quotations from the works of various 19th and 20th century Bengali authors, arranged under topics.
|
| 541 |
|
|
|a Donated By Akbar Ali Khan
|e 40357
|
| 650 |
|
|
|a Quotations, Bengali.
|9 53753
|
| 650 |
|
|
|a Bengali literature.
|
| 650 |
|
|
|a Citations bengali.
|9 53961
|
| 700 |
|
|
|a মিত্র, দীলিপ কুমার
|9 53754
|
| 852 |
|
|
|a Ayesha Abed Library
|c Akbar Ali Khan Collection
|
| 942 |
|
|
|2 ddc
|c BK
|
| 999 |
|
|
|c 45535
|d 45535
|
| 952 |
|
|
|0 0
|1 0
|2 ddc
|4 0
|6 891_440000000000000_UDD
|7 1
|9 73297
|a BRACUL
|b BRACUL
|c AAKC
|d 2023-02-27
|e Donated by Akbar Ali Khan
|g 325.00
|l 0
|o 891.44 UDD
|p 3010040357
|r 2023-02-27
|t 1
|v 325.00
|w 2023-02-27
|y BK
|x Price available in book
|